|
|
|
|
| LEADER |
00000nas a2200000 a 4500 |
| 001 |
ssj0008875 |
| 003 |
WaSeSS |
| 005 |
20200512172242.0 |
| 006 |
m d |
| 007 |
cr n |
| 008 |
971110c19709999nyubx pss 0 a0eng c |
| 010 |
|
|
|a 2004233391
|
| 016 |
7 |
|
|a 100972695
|2 DNLM
|
| 016 |
7 |
|
|a 012435157
|2 Uk
|
| 016 |
7 |
|
|a 1478916-4
|2 DE-600
|
| 022 |
|
|
|a 1573-7187
|l 0040-5833
|y 0040-5833
|
| 030 |
|
|
|a THDCBA
|
| 035 |
|
|
|a (WaSeSS)ssj0008875
|
| 040 |
|
|
|a F#A
|b eng
|e pn
|c F#A
|d OCL
|d OCLCQ
|d MUQ
|d OCLCQ
|d GUA
|d OCL
|d CIT
|d GUA
|d OCLCQ
|d LGG
|d OCLCQ
|d OCLCO
|d OCLCQ
|d BUF
|d OCLCF
|d OCLCO
|d OCLCQ
|d UKMGB
|d VT2
|d NJT
|d DLC
|d SFB
|d WaSeSS
|
| 042 |
|
|
|a pcc
|
| 050 |
0 |
0 |
|a H61
|
| 082 |
0 |
4 |
|a 300.1
|
| 130 |
0 |
|
|a Theory and decision (Online)
|
| 210 |
0 |
|
|a Theory decis.
|b (Dordr., Online)
|
| 222 |
|
0 |
|a Theory and decision
|b (Dordrecht. Online)
|
| 245 |
1 |
0 |
|a Theory and decision
|h [electronic resource].
|
| 260 |
|
|
|3 -Aug. 2004 :
|a [Dordrecht] :
|b Kluwer Academic Publishers
|
| 260 |
3 |
|
|3 Sept. 2004- :
|a [New York] :
|b Springer US
|
| 310 |
|
|
|a Four issues a year,
|b 2000-
|
| 321 |
|
|
|a 6 issues a year,
|b <1997>-1999
|
| 362 |
1 |
|
|a Print began with v. 1, no. 1 (Oct. 1970).
|
| 500 |
|
|
|a "An International Journal for Multidisciplinary Advances in Decision Science."
|
| 506 |
|
|
|a License restrictions may limit access.
|
| 538 |
|
|
|a Mode of access: World Wide Web.
|
| 588 |
|
|
|a Description based on: Vol. 42, issue 1 (Jan. 1997); title from contents screen (publisher's Web site, viewed Mar. 11, 2004).
|
| 588 |
|
|
|a Latest issue consulted: Vol. 87, issue 2 (Sept. 2019) (Springer Link, viewed Sept. 7, 2019).
|
| 650 |
|
0 |
|a Social sciences
|x Methodology
|v Periodicals.
|
| 650 |
|
0 |
|a Science
|x Philosophy
|v Periodicals.
|
| 650 |
|
6 |
|a Sciences sociales
|x Méthodologie
|v Périodiques.
|
| 650 |
|
6 |
|a Sciences
|x Philosophie
|v Périodiques.
|
| 650 |
|
7 |
|a Science
|x Philosophy.
|2 fast
|0 (OCoLC)fst01108336
|
| 650 |
|
7 |
|a Social sciences
|x Methodology.
|2 fast
|0 (OCoLC)fst01122933
|
| 650 |
|
7 |
|a Filosofie.
|2 gtt
|
| 650 |
|
7 |
|a Sociale wetenschappen.
|2 gtt
|
| 655 |
|
0 |
|a Electronic journals.
|
| 776 |
0 |
8 |
|i Print version:
|t Theory and decision
|x 0040-5833
|w (DLC) 74577509
|w (OCoLC)1604091
|
| 850 |
|
|
|a DLC
|
| 856 |
4 |
0 |
|z Full text available from Research Library: 02/01/1999 to 1 year ago
|u https://search.proquest.com/publication/36605
|